| 000 | 00535nam a22001937a 4500 | ||
|---|---|---|---|
| 003 | CUTN | ||
| 005 | 20260421120447.0 | ||
| 008 | 260421b |||||||| |||| 00| 0 eng d | ||
| 020 | _a9788199030015 | ||
| 041 | _aTamil | ||
| 082 |
_223rd _a494.811 _bDEV |
||
| 100 | _aதேவநேயப் பாவாணர் | ||
| 245 | _aதலைமைத் தமிழ் | ||
| 250 | _aமுதற்பதிப்பு | ||
| 260 |
_a23rd _b494.811 _cDEV |
||
| 300 | _a190P., | ||
| 650 | _aஇலக்கணம் | ||
| 942 |
_2ddc _cTAM |
||
| 999 |
_c51116 _d51116 |
||